000 00433nam a2200193Ia 4500
005 20240823033518.0
008 240823s9999||||xx |||||||||||||| ||und||
020 _a978-81-7720-141-3
041 _aENGLISH
082 _A813.52 Q0
100 _aArasu V
245 0 _aPuthumaippithan Kathaikal
250 _a1st
260 _c2010
_bAdaiy
500 _aYES
650 _aTamil Books
_bGeneral
942 _cBK
999 _c195995
_d195995